000 00649nam a2200253Ia 4500
003 OSt
005 20140426084514.0
008 140130s9999 xx 000 0 und d
020 _a0439319447
050 _aPZ 7
_b.M47879Flk 2002
100 _aMcMullan, Kate.
245 _cKate McMullan.
_aFluffy's Lucky Day /
260 _bScholastic INc.,
_cc2002.
_aUSA :
300 _a37 p. :
_bcol. ill. ;
_c23 cm.
440 _v1
521 _aG1
526 _c160
650 _aGuinea pigs
_xFiction.
650 _aLeprechauns
_xFiction.
650 _aSaint Patrick’s Day
_xFiction.
942 _cBK
_2lcc
999 _c39893
_d39893